Statistics for Star Wars droids

Click here to take the quiz!

General Stats

  • This quiz has been taken 17 times
  • The average score is 4 of 9

Answer Stats

Hint Answer % Correct
Astromech droid that flew with Anakin and Luke Skywalker, and carried the Death Star plansR2D2
100%
Protocol droid fluent in six million forms of communication, built by Anakin SkywalkerC-3PO
100%
Ball-shaped astromech droid owned by Poe DameronBB-8
86%
Assassin droid who went rogue and became a bounty hunterIG-88
57%
Reprogrammed Imperial security droid that became part of the Rebel Alliance and worked with Cassian AndorK-2SO
36%
Assassin droid from the Knights of the Old Republic video gamesHK-47
29%
Protocol droid with an insectile head who overrode his own programming and became a bounty hunter4-LOM
21%
Unique droid that flew with Lando Calrissian and advocated for equal rights for droidsL3-37
7%
Supervisor droid who enjoyed torturing other droids for Jabba the HuttEV-9D9
7%

Score Distribution

Percentile by Number Answered

Percent of People with Each Score

Your Score History

You have not taken this quiz